|
|
|
|
| LEADER |
02893nam a2200433 4500 |
| 001 |
978-1-4842-3510-2 |
| 003 |
DE-He213 |
| 005 |
20190618233951.0 |
| 007 |
cr nn 008mamaa |
| 008 |
180613s2018 xxu| s |||| 0|eng d |
| 020 |
|
|
|a 9781484235102
|9 978-1-4842-3510-2
|
| 024 |
7 |
|
|a 10.1007/978-1-4842-3510-2
|2 doi
|
| 040 |
|
|
|d GrThAP
|
| 050 |
|
4 |
|a TK7885-7895
|
| 072 |
|
7 |
|a UK
|2 bicssc
|
| 072 |
|
7 |
|a COM067000
|2 bisacsh
|
| 072 |
|
7 |
|a UK
|2 thema
|
| 082 |
0 |
4 |
|a 004
|2 23
|
| 100 |
1 |
|
|a Dukish, Bob.
|e author.
|4 aut
|4 http://id.loc.gov/vocabulary/relators/aut
|
| 245 |
1 |
0 |
|a Coding the Arduino
|h [electronic resource] :
|b Building Fun Programs, Games, and Electronic Projects /
|c by Bob Dukish.
|
| 250 |
|
|
|a 1st ed. 2018.
|
| 264 |
|
1 |
|a Berkeley, CA :
|b Apress :
|b Imprint: Apress,
|c 2018.
|
| 300 |
|
|
|a XVIII, 294 p. 198 illus.
|b online resource.
|
| 336 |
|
|
|a text
|b txt
|2 rdacontent
|
| 337 |
|
|
|a computer
|b c
|2 rdamedia
|
| 338 |
|
|
|a online resource
|b cr
|2 rdacarrier
|
| 347 |
|
|
|a text file
|b PDF
|2 rda
|
| 505 |
0 |
|
|a Chapter 1. A Background on Technology -- Chapter 2. Computers and the Binary System -- Chapter 3. Microcontrollers -- Chapter 4. More Loops, and More Elegant Methods to Flash an LED -- Chapter 5. Serial Communications -- Chapter 6. Having Fun with Programming -- Chapter 7. More Game Programming with a Detailed Explanation -- Chapter 8. Electronic Projects -- Chapter 9. More Elaborate Projects -- Chapter 10. Capstone Projects -- Appendix.
|
| 520 |
|
|
|a Get started with Arduino and computer coding. This book is intended for those new to the Arduino and computer coding. and looking to gain the skills to write microcontroller programs that can act on given inputs and operate electromechanical output devices. Coding the Arduino contains four sections: background information, game development, electronic games and projects, and expanded programs. The final chapters expand on the functionality of some of the programs presented in previous chapters, and challenges you with capstone projects. The projects will be described where the program code that is presented can be modified, or in which two or more of the sample programs may be used to synthesize a new program as the solution to the problem that is presented. Additionally, review questions are presented at the end of each chapter to test your comprehension of the material.
|
| 650 |
|
0 |
|a Computer input-output equipment.
|
| 650 |
1 |
4 |
|a Hardware and Maker.
|0 http://scigraph.springernature.com/things/product-market-codes/I29010
|
| 710 |
2 |
|
|a SpringerLink (Online service)
|
| 773 |
0 |
|
|t Springer eBooks
|
| 776 |
0 |
8 |
|i Printed edition:
|z 9781484235096
|
| 776 |
0 |
8 |
|i Printed edition:
|z 9781484235119
|
| 776 |
0 |
8 |
|i Printed edition:
|z 9781484246436
|
| 856 |
4 |
0 |
|u https://doi.org/10.1007/978-1-4842-3510-2
|z Full Text via HEAL-Link
|
| 912 |
|
|
|a ZDB-2-CWD
|
| 950 |
|
|
|a Professional and Applied Computing (Springer-12059)
|